Figure Out the Lyrics VI Quiz Stats

 Plays Quiz not verified by Sporcle

Score 0/232 Timer 09:00
0 Plays Today
% Correct
I
99.5%
I
99.5%
I
99.1%
i
99.1%
a
97.7%
a
97.7%
a
97.7%
a
97.7%
a
97.7%
a
97.7%
a
97.7%
a
97.7%
a
97.7%
a
97.7%
a
97.7%
a
97.7%
a
97.7%
the
96.8%
the
96.8%
the
96.8%
the
96.8%
the
96.8%
a
96.6%
a
96.6%
a
96.6%
a
96.6%
the
96.6%
the
96.6%
a
96.6%
you.
93.2%
you
93.2%
an
93.2%
you
92.3%
to
89.7%
to
89.7%
to
89.7%
to
88.7%
And
85.5%
on
84.6%
on
84.6%
me
83.8%
in
83.7%
go
83.3%
go
83.3%
go
83.3%
of
82.9%
of
82.9%
is
82.8%
me
81.9%
me
81.9%
me
81.9%
me
81.9%
me
81.9%
me
81.9%
me
81.9%
me
81.9%
me
81.9%
no
80.5%
of
77.8%
of
77.8%
of
77.8%
I'm
76.9%
my
76.9%
I'm
76.9%
I'm
76.9%
I'm
76.9%
i'm
76.9%
If
71.5%
why
70.9%
I'm
69.7%
I'm
69.7%
I'm
69.7%
I'm
69.7%
I'm
69.7%
I'm
69.7%
I'm
69.7%
I'm
69.7%
I'm
69.7%
% Correct
I'm
69.7%
I'm
69.7%
I'm
69.7%
why
69.2%
so
68.3%
Don't
67.4%
Don't
67.4%
Don't
67.4%
Don't
67.4%
Don't
67.4%
Don't
67.4%
don't
67.4%
have
65.6%
have
65.6%
like
65%
they
65%
at
61.5%
they
61.1%
at
61.1%
at
61.1%
all
60.6%
time
59.3%
time
59.3%
time
59.3%
like
59.3%
like
59.3%
time
59.3%
time
59.3%
just
59.3%
time
59.3%
time
59.3%
make
58.1%
want
57.9%
we're
57.5%
now
57%
now
57%
now
57%
now
57%
now
57%
good
56.6%
good
56.6%
good
56.6%
good
56.6%
good
56.6%
good
56.6%
good
56.6%
out
55.7%
out
55.7%
gonna
54.3%
gonna
54.3%
gonna
54.3%
make
52.9%
man
52.5%
am
50.4%
oh
48.7%
oh
48.7%
oh
48.7%
oh
48.7%
give
47.1%
call
47%
Cause
44.8%
Cause
44.8%
real
42.5%
call
42.5%
call
42.5%
by
41.6%
woman
41%
stop
40.7%
stop
40.7%
stop
40.7%
stop
40.7%
stop
40.7%
stop
40.7%
stop
40.7%
that's
40.2%
having
39.8%
having
39.8%
having
39.8%
% Correct
having
39.8%
having
39.8%
having
39.8%
way
38.5%
that's
38%
wanna
37.6%
two
36.2%
two
35.9%
through
35%
wanna
34.8%
There's
33.9%
yes
31.2%
light
30.8%
world
30.3%
Mister
29.9%
through
29.4%
through
29.4%
such
29%
Tonight
28.1%
feel
28.1%
myself
27.6%
degrees
27.4%
speed
27.4%
star
27.1%
Mister
27.1%
ball
26.7%
about
26.5%
fahrenheit
26.5%
light
26.2%
around
25.8%
burning
25.6%
supersonic
25.6%
sky
25.3%
sky
25.3%
hundred
24.8%
degrees
24%
burning
23.5%
speed
23.5%
supersonic
23.5%
Lady
23.1%
stopping
23.1%
hundred
23.1%
rocket
23.1%
inside
21.7%
shooting
21.7%
Fahrenheit
21.7%
Godiva
20.8%
ready
20.5%
turning
20.4%
mars
19.7%
ship
18.8%
control
18.8%
explode
17.9%
travelling
17.9%
car
17.6%
ecstasy
16.7%
floating
16.3%
sex
16.2%
alive
15.8%
traveling
15.4%
machine
15.4%
tiger
14.5%
racing
14%
satellite
13.7%
outta
13.7%
atom
13.7%
bomb
13.7%
course
12.8%
reload
12.8%
defying
12.2%
gravity
12.2%
laws
11.8%
collision
11.1%
skies
11.1%
passing
10.4%
leaping
7.2%

You're not logged in!

Compare scores with friends on all Sporcle quizzes.
OR
Log In

Show Comments

Extras

Top Quizzes Today


Score Distribution

Your Account Isn't Verified!

In order to create a playlist on Sporcle, you need to verify the email address you used during registration. Go to your Sporcle Settings to finish the process.

Report this User

Report this user for behavior that violates our Community Guidelines.

Details: